[Event "FRA-ch U14 Girls"]
[Site "Le Grand Bornand"]
[Date "2007.04.??"]
[Round "2"]
[White "Vernerey, Lea"]
[Black "Armas, Lena"]
[Result "0-1"]
[WhiteElo "1530"]
[BlackElo "1697"]
[PlyCount "56"]
[EventDate "2007.04.07"]
[EventType "swiss"]
[EventRounds "9"]
[EventCountry "FRA"]
[SourceTitle "CBM 118 Extra"]
[Source "ChessBase"]
[SourceDate "2007.07.04"]
[SourceVersion "1"]
[SourceVersionDate "2007.07.04"]
[SourceQuality "1"]

1. d4 d5 2. Nf3 Nf6 3. e3 a6 4. Bd3 Bg4 5. 0-0 Qd7 6. c4 e6 7. Nbd2 Qc8 8. Re1 c5 9. b3 cxd4 10. exd4 Bb4 11. Bb2 Bxf3 12. gxf3 0-0 13. Rc1 Nc6 14. Kh1 Qc7 15. a3 Ba5 16. b4 Bb6 17. c5 Ba7 18. Qe2 Nh5 19. Qe3 Nf4 20. Bb1 Bb8 21. Nf1 Qe7 22. Ng3 Qh4 23. Rg1 Nh3 24. Rg2 Bf4 25. Qd3 Bxc1 26. Bxc1 Ne7 27. Qe3 Ng6 28. Bxg6 hxg6 0-1

[Event "Angers op 1st"]
[Site "Angers"]
[Date "2006.05.07"]
[Round "4"]
[White "Massard, Rene"]
[Black "Vernerey, Lea"]
[Result "1-0"]
[WhiteElo "1730"]
[BlackElo "1400"]
[PlyCount "67"]
[EventDate "2006.05.06"]
[EventType "swiss"]
[EventRounds "6"]
[EventCountry "FRA"]
[SourceTitle "EXT 2007"]
[Source "ChessBase"]
[SourceDate "2006.11.23"]
[SourceVersion "1"]
[SourceVersionDate "2006.11.23"]
[SourceQuality "1"]

1. d4 Nf6 2. Nc3 g6 3. e4 Bg7 4. h4 0-0 5. g4 d5 6. Be2 c5 7. e5 Ne4 8. Nxe4 dxe4 9. c3 Qa5 10. Bd2 b5 11. b4 cxb4 12. cxb4 Qb6 13. Be3 Rd8 14. Qc2 Bb7 15. Qc5 Qxc5 16. bxc5 b4 17. Rd1 Nc6 18. f4 e6 19. h5 a5 20. hxg6 fxg6 21. Nh3 h6 22. Bc4 Bc8 23. Nf2 Ne7 24. Nxe4 Nd5 25. Bd2 Bb7 26. Nd6 Bc6 27. f5 gxf5 28. gxf5 Nc7 29. Rg1 Kh8 30. Nf7+ Kh7 31. Nd6 Bd5 32. f6 Bf8 33. Bd3+ Kh8 34. Nf7# 1-0

[Event "Angers op 1st"]
[Site "Angers"]
[Date "2006.05.06"]
[Round "1"]
[White "Vernerey, Lea"]
[Black "Gazanes, Jacques"]
[Result "0-1"]
[WhiteElo "1400"]
[BlackElo "1680"]
[PlyCount "56"]
[EventDate "2006.05.06"]
[EventType "swiss"]
[EventRounds "6"]
[EventCountry "FRA"]
[SourceTitle "EXT 2007"]
[Source "ChessBase"]
[SourceDate "2006.11.23"]
[SourceVersion "1"]
[SourceVersionDate "2006.11.23"]
[SourceQuality "1"]

1. e4 e6 2. d4 d5 3. Nc3 dxe4 4. Nxe4 Bd7 5. Nf3 Bc6 6. Bd3 Nd7 7. 0-0 Ngf6 8. Nxf6+ Nxf6 9. Re1 Bxf3 10. gxf3 c6 11. c3 Bd6 12. Bg5 0-0 13. Qc2 h6 14. Bd2 Qc7 15. Kg2 Bxh2 16. Rh1 Bf4 17. Rag1 Rfd8 18. Kf1 h5 19. Rh4 Bxd2 20. Qxd2 Kf8 21. Qg5 Ke7 22. Rxh5 Rd5 23. Qxg7 Nxh5 24. Qh7 Nf6 25. Qh4 Rh5 26. Qg3 Qxg3 27. Rxg3 Rg8 28. Rxg8 Nxg8 0-1

[Event "FRA-ch U12 Girls"]
[Site "Calvi"]
[Date "2005.04.17"]
[Round "1"]
[White "Le Bail, Arielle"]
[Black "Vernerey, Lea"]
[Result "1-0"]
[WhiteElo "1650"]
[BlackElo "1350"]
[PlyCount "75"]
[EventDate "2005.04.??"]
[EventType "swiss"]
[EventRounds "9"]
[EventCountry "FRA"]
[SourceTitle "EXT 2006"]
[Source "ChessBase"]
[SourceDate "2005.11.24"]
[SourceVersion "1"]
[SourceVersionDate "2005.11.24"]
[SourceQuality "1"]

1. d4 Nf6 2. Bg5 d5 3. Bxf6 exf6 4. e3 Nc6 5. Bd3 Bd6 6. Nc3 0-0 7. Qh5 g6 8. Qxd5 Be6 9. Qf3 Re8 10. 0-0-0 h5 11. h3 Bd7 12. Nge2 Qe7 13. Nd5 Qe6 14. Nxf6+ Kg7 15. Nxe8+ Rxe8 16. Nc3 Nb4 17. d5 Qe5 18. a3 Nxd3+ 19. Rxd3 Bf5 20. Rd4 c6 21. Rhd1 c5 22. R4d2 g5 23. Qxh5 Bg6 24. Qe2 Kh6 25. h4 Bh5 26. g4 Bg6 27. hxg5+ Qxg5 28. Rh1+ Kg7 29. Qf3 f6 30. Qh3 Rg8 31. Nb5 Be5 32. d6 Kf7 33. Rf1 Bxb2+ 34. Kxb2 Qe5+ 35. Nc3 b5 36. Qf3 b4 37. Qb7+ Ke6 38. Qe7# 1-0